|
|
|
|
| LEADER |
00000nam0a2200000 4500 |
| 001 |
343487 |
| 005 |
20231102005550.0 |
| 010 |
|
|
|a 9785991207553
|
| 035 |
|
|
|a (RuTPU)RU\TPU\book\373876
|
| 090 |
|
|
|a 343487
|
| 100 |
|
|
|a 20191008d2019 m y0rusy50 ca
|
| 101 |
0 |
|
|a rus
|
| 102 |
|
|
|a RU
|
| 105 |
|
|
|a a j 001zy
|
| 200 |
1 |
|
|a Волоконная оптика: параметры передачи и влияния
|e учебное пособие
|f Э. Л. Портнов
|
| 210 |
|
|
|a Москва
|c Горячая линия - Телеком
|d 2019
|
| 215 |
|
|
|a 344 с.
|c ил.
|
| 225 |
1 |
|
|a Учебное пособие для высших учебных заведений. Специальность
|
| 320 |
|
|
|a Библиография в конце глав
|
| 330 |
|
|
|a Описаны принципы передачи сигналов по оптическому волокну, типы стандартных и новых оптических волокон, их параметры и характеристики, технические характеристики существующих типов оптических волокон. Рассмотрены методы решений основных задач (хроматической и поляризационной модовой дисперсий, затухания, нелинейных эффектов) с учетом и без учета негативных явлений.
|
| 606 |
1 |
|
|a Волоконная оптика
|x В системах связи
|2 stltpush
|3 (RuTPU)RU\TPU\subj\38280
|9 58930
|
| 610 |
1 |
|
|a телекоммуникации
|
| 610 |
1 |
|
|a оптоволоконные линии связи
|
| 610 |
1 |
|
|a волоконно-оптические линии связи
|
| 610 |
1 |
|
|a сигналы
|
| 610 |
1 |
|
|a передача сигналов
|
| 610 |
1 |
|
|a нелинейные эффекты
|
| 610 |
1 |
|
|a оптические солитоны
|
| 610 |
1 |
|
|a негативные воздействия
|
| 610 |
1 |
|
|a уменьшение
|
| 610 |
1 |
|
|a оптические кабели связи
|
| 610 |
1 |
|
|a задачи
|
| 610 |
1 |
|
|a расчет
|
| 610 |
1 |
|
|a базовые формулы
|
| 610 |
1 |
|
|a внешние электромагнитные поля
|
| 610 |
1 |
|
|a влияние
|
| 610 |
1 |
|
|a учебные пособия
|
| 675 |
|
|
|a 621.391.6(075.8)
|v 4
|
| 700 |
|
1 |
|a Портнов
|b Э. Л.
|g Эдуард Львович
|
| 801 |
|
1 |
|a RU
|b 63413507
|c 20191008
|
| 801 |
|
2 |
|a RU
|b 63413507
|c 20191113
|g RCR
|
| 942 |
|
|
|c BK
|
| 959 |
|
|
|a 11/20191008
|d 3
|e 605,00
|f УФ:2
|f ЧЗТЛ:1
|